[Event "World Chess Olympiad 2018"]
[Site "Batumi"]
[Date "2018.09.24"]
[Round "1"]
[Board "4"]
[WhiteFideId "5600405"]
[White "Said Oliver"]
[BlackFideId "1319620"]
[Black "Studer Noel"]
[Result "0-1"]
[LiveChessVersion "1.4.8"]
[BlackElo "2484"]
[WhiteElo "1924"]

1. e4 {[%clk 1:30:58]} e6 {[%clk 1:30:54]} 2. d4 {[%clk 1:31:11]} d5
{[%clk 1:31:18]} 3. Nc3 {[%clk 1:31:37]} Nf6 {[%clk 1:31:44]} 4. Bg5
{[%clk 1:32:02]} dxe4 {[%clk 1:32:04]} 5. Nxe4 {[%clk 1:32:26]} Be7
{[%clk 1:32:32]} 6. Nxf6+ {[%clk 1:32:46]} Bxf6 {[%clk 1:32:57]} 7. Bxf6
{[%clk 1:33:09]} Qxf6 {[%clk 1:33:23]} 8. Nf3 {[%clk 1:33:33]} Nd7
{[%clk 1:32:17]} 9. c3 {[%clk 1:33:38]} O-O {[%clk 1:31:27]} 10. Bd3
{[%clk 1:31:06]} c5 {[%clk 1:31:21]} 11. O-O {[%clk 1:28:59]} Rd8
{[%clk 1:19:53]} 12. Qc2 {[%clk 1:27:41]} g6 {[%clk 1:20:20]} 13. Be4
{[%clk 1:18:34]} Qf4 {[%clk 1:16:44]} 14. g3 {[%clk 1:14:37]} Qc7
{[%clk 1:15:37]} 15. Rfd1 {[%clk 1:08:19]} Nf6 {[%clk 1:11:06]} 16. Bd3
{[%clk 1:07:59]} cxd4 {[%clk 1:03:51]} 17. Nxd4 {[%clk 1:05:35]} e5
{[%clk 1:04:02]} 18. Nb5 {[%clk 1:04:00]} Qc5 {[%clk 1:04:00]} 19. b4
{[%clk 1:00:40]} Qc6 {[%clk 1:03:46]} 20. Bf1 {[%clk 0:51:32]} Bf5
{[%clk 1:03:03]} 21. Qb3 {[%clk 0:49:13]} Ne4 {[%clk 1:02:50]} 22. Qb2
{[%clk 0:42:00]} Ng5 {[%clk 1:00:24]} 23. Rxd8+ {[%clk 0:36:13]} Rxd8
{[%clk 1:00:47]} 24. Nxa7 {[%clk 0:36:32]} Qf3 {[%clk 1:01:04]} 25. Bg2
{[%clk 0:28:30]} Nh3+ {[%clk 1:01:29]} 26. Kf1 {[%clk 0:27:23]} Rd1+
{[%clk 1:02:16]} 0-1

[Event "World Chess Olympiad 2018"]
[Site "Batumi"]
[Date "2018.09.24"]
[Round "1"]
[Board "2"]
[WhiteFideId "10601619"]
[White "Adly Ahmed"]
[BlackFideId "9200711"]
[Black "Alharari Mohammed Alsouri"]
[Result "1-0"]
[LiveChessVersion "1.4.8"]
[BlackElo "2038"]
[WhiteElo "2620"]

1. e4 {[%clk 1:30:41]} e5 {[%clk 1:30:02]} 2. Nf3 {[%clk 1:31:06]} Nc6
{[%clk 1:30:23]} 3. Bc4 {[%clk 1:31:29]} Bc5 {[%clk 1:30:41]} 4. O-O
{[%clk 1:31:49]} Nf6 {[%clk 1:30:50]} 5. d3 {[%clk 1:32:07]} d6 {[%clk 1:29:20]}
6. h3 {[%clk 1:32:18]} a6 {[%clk 1:28:06]} 7. a4 {[%clk 1:32:36]} h6
{[%clk 1:28:12]} 8. c3 {[%clk 1:32:59]} Ba7 {[%clk 1:27:39]} 9. Re1
{[%clk 1:32:52]} O-O {[%clk 1:27:35]} 10. Nbd2 {[%clk 1:32:59]} Re8
{[%clk 1:23:10]} 11. Nf1 {[%clk 1:33:20]} Be6 {[%clk 1:20:58]} 12. Bxe6
{[%clk 1:33:23]} Rxe6 {[%clk 1:20:41]} 13. Ng3 {[%clk 1:33:35]} d5
{[%clk 1:18:17]} 14. Qe2 {[%clk 1:34:01]} a5 {[%clk 1:06:24]} 15. Nh4
{[%clk 1:33:34]} Ne7 {[%clk 0:44:47]} 16. Nhf5 {[%clk 1:30:54]} dxe4
{[%clk 0:40:34]} 17. dxe4 {[%clk 1:31:15]} Nxf5 {[%clk 0:39:09]} 18. Nxf5
{[%clk 1:31:41]} Qd7 {[%clk 0:38:32]} 19. Qf3 {[%clk 1:31:02]} Rd8
{[%clk 0:33:55]} 20. Bxh6 {[%clk 1:30:50]} Nxe4 {[%clk 0:23:52]} 21. Rxe4
{[%clk 1:29:06]} gxh6 {[%clk 0:22:38]} 22. Qg4+ {[%clk 1:29:29]} Rg6 23. Nxh6+
{[%clk 1:29:20]} Kf8 {[%clk 0:14:08]} 24. Qxd7 {[%clk 1:28:52]} Rxd7
{[%clk 0:14:32]} 25. Nf5 {[%clk 1:29:19]} Rd2 {[%clk 0:13:54]} 26. Rf1
{[%clk 1:29:33]} Rxb2 {[%clk 0:12:50]} 27. Rxe5 {[%clk 1:29:35]} Bb6
{[%clk 0:11:57]} 28. Re4 {[%clk 1:22:59]} Rd2 {[%clk 0:10:12]} 29. g4
{[%clk 1:22:05]} Rd3 {[%clk 0:08:56]} 30. Rfe1 {[%clk 1:22:07]} Rd8
{[%clk 0:07:24]} 31. h4 {[%clk 1:22:14]} Rf6 {[%clk 0:07:01]} 32. Kg2
{[%clk 1:20:31]} Kg8 {[%clk 0:07:24]} 33. Re8+ {[%clk 1:20:24]} Rxe8
{[%clk 0:07:46]} 34. Rxe8+ {[%clk 1:20:51]} Kh7 {[%clk 0:08:09]} 35. h5
{[%clk 1:21:14]} Re6 {[%clk 0:05:35]} 36. Rf8 {[%clk 1:21:30]} f6
{[%clk 0:04:17]} 37. Rf7+ {[%clk 1:21:57]} Kg8 {[%clk 0:03:42]} 38. Rg7+
{[%clk 1:22:23]} Kh8 {[%clk 0:03:30]} 39. h6 {[%clk 1:22:50]} 1-0

[Event "World Chess Olympiad 2018"]
[Site "Batumi"]
[Date "2018.09.24"]
[Round "1"]
[Board "3"]
[WhiteFideId "9202609"]
[White "Abo Moliana Montasar"]
[BlackFideId "10613129"]
[Black "Fawzy Adham"]
[Result "1/2-1/2"]
[LiveChessVersion "1.4.8"]
[BlackElo "2431"]
[WhiteElo "1993"]

1. e4 {[%clk 1:30:58]} c5 {[%clk 1:30:51]} 2. Nf3 {[%clk 1:31:15]} Nc6
{[%clk 1:31:19]} 3. d4 {[%clk 1:31:18]} cxd4 {[%clk 1:31:38]} 4. Nxd4
{[%clk 1:31:36]} Nf6 {[%clk 1:31:40]} 5. Nc3 {[%clk 1:31:56]} e5 {[%clk 1:32:08]}
6. Ndb5 {[%clk 1:32:13]} d6 {[%clk 1:32:36]} 7. Bg5 {[%clk 1:32:28]} a6
{[%clk 1:33:00]} 8. Na3 {[%clk 1:32:51]} b5 {[%clk 1:33:27]} 9. Nd5
{[%clk 1:33:08]} Be7 {[%clk 1:33:55]} 10. Bxf6 {[%clk 1:33:23]} Bxf6
{[%clk 1:34:23]} 11. c3 {[%clk 1:33:38]} Bg5 {[%clk 1:34:45]} 12. Nc2
{[%clk 1:33:59]} Rb8 {[%clk 1:34:42]} 13. Qd3 {[%clk 1:32:35]} O-O
{[%clk 1:33:05]} 14. Be2 {[%clk 1:23:17]} Be6 {[%clk 1:23:55]} 15. O-O
{[%clk 1:17:06]} g6 {[%clk 1:22:29]} 16. Rad1 {[%clk 1:11:54]} Rb7
{[%clk 1:16:46]} 17. Bf3 {[%clk 1:06:39]} a5 {[%clk 1:15:31]} 18. Nce3
{[%clk 1:03:06]} Kh8 {[%clk 1:14:56]} 19. a4 {[%clk 0:49:54]} bxa4
{[%clk 1:13:37]} 20. Qa6 {[%clk 0:50:00]} Qc8 {[%clk 1:11:26]} 21. Nc4
{[%clk 0:40:22]} Rb3 {[%clk 1:08:55]} 22. Qxc8 {[%clk 0:38:51]} Bxc8
{[%clk 1:09:05]} 23. Ndb6 {[%clk 0:33:21]} Be7 {[%clk 1:06:35]} 24. Ra1
{[%clk 0:32:50]} Ba6 {[%clk 1:03:38]} 25. Bd1 {[%clk 0:30:19]} Rxb6
{[%clk 0:56:43]} 26. Nxb6 {[%clk 0:30:42]} Rb8 {[%clk 0:56:56]} 27. Nd5
{[%clk 0:27:41]} Bxf1 {[%clk 0:55:10]} 28. Kxf1 {[%clk 0:27:54]} a3
{[%clk 0:52:21]} 29. Rxa3 {[%clk 0:26:13]} Bg5 {[%clk 0:50:34]} 30. Rb3
{[%clk 0:26:12]} Rxb3 {[%clk 0:45:34]} 31. Bxb3 {[%clk 0:26:30]} Kg7
{[%clk 0:45:57]} 32. Ba4 {[%clk 0:26:34]} Ne7 {[%clk 0:45:18]} 33. Nxe7
{[%clk 0:26:54]} Bxe7 {[%clk 0:45:46]} 34. Ke2 {[%clk 0:25:27]} f5
{[%clk 0:42:27]} 35. f3 {[%clk 0:25:46]} Kf6 {[%clk 0:39:10]} 36. b4
{[%clk 0:25:15]} axb4 {[%clk 0:39:33]} 37. cxb4 {[%clk 0:25:38]} d5
{[%clk 0:40:00]} 38. exd5 {[%clk 0:25:14]} Bxb4 {[%clk 0:40:15]} 39. Bc2
{[%clk 0:24:28]} h5 {[%clk 0:35:52]} 40. Bd3 {[%clk 0:54:35]} Bc5
{[%clk 1:06:08]} 41. h3 {[%clk 0:54:28]} Kg5 {[%clk 1:02:36]} 42. Bb5
{[%clk 0:53:00]} Kh4 {[%clk 0:58:38]} 43. Bd7 {[%clk 0:52:27]} Bb6
{[%clk 0:49:26]} 44. Kf1 {[%clk 0:51:50]} Kg5 {[%clk 0:48:54]} 45. Be8
{[%clk 0:50:42]} Bc5 {[%clk 0:46:33]} 46. Ke2 {[%clk 0:51:01]} e4
{[%clk 0:43:15]} 47. fxe4 {[%clk 0:51:10]} fxe4 {[%clk 0:43:43]} 48. Kf1
{[%clk 0:50:23]} Kf5 {[%clk 0:43:13]} 49. Ke2 {[%clk 0:50:44]} Ke5 1/2-1/2

[Event "World Chess Olympiad 2018"]
[Site "Batumi"]
[Date "2018.09.24"]
[Round "1"]
[Board "4"]
[WhiteFideId "10602771"]
[White "Sadek Sameh"]
[BlackFideId "9205365"]
[Black "Naser Eldean Ahmed"]
[Result "1-0"]
[LiveChessVersion "1.4.8"]
[BlackElo "1906"]
[WhiteElo "2331"]

1. d4 {[%clk 1:30:57]} d5 {[%clk 1:30:13]} 2. Nf3 {[%clk 1:31:13]} e6
{[%clk 1:30:29]} 3. e3 {[%clk 1:31:17]} Nf6 {[%clk 1:30:19]} 4. Bd3
{[%clk 1:31:34]} Be7 {[%clk 1:29:21]} 5. O-O {[%clk 1:31:52]} O-O
{[%clk 1:29:42]} 6. Nbd2 {[%clk 1:32:12]} Nbd7 {[%clk 1:29:49]} 7. c4
{[%clk 1:32:33]} dxc4 {[%clk 1:28:37]} 8. Nxc4 {[%clk 1:32:44]} b6
{[%clk 1:28:51]} 9. e4 {[%clk 1:29:20]} Bb7 {[%clk 1:26:50]} 10. Qe2
{[%clk 1:27:55]} c5 {[%clk 1:21:16]} 11. e5 {[%clk 1:22:00]} Nd5 {[%clk 1:21:17]}
12. Qe4 {[%clk 1:22:09]} g6 {[%clk 1:20:52]} 13. Bh6 {[%clk 1:21:41]} Re8
{[%clk 1:20:12]} 14. Rad1 {[%clk 1:12:32]} Qc7 {[%clk 1:14:11]} 15. Qg4
{[%clk 1:05:24]} cxd4 {[%clk 1:07:22]} 16. Qxd4 {[%clk 0:58:54]} Nc5
{[%clk 1:00:35]} 17. Nd6 {[%clk 0:58:03]} Red8 {[%clk 1:00:20]} 18. Bb1
{[%clk 0:36:26]} Ba6 {[%clk 0:57:54]} 19. Rfe1 {[%clk 0:35:58]} Bf8
{[%clk 0:57:19]} 20. Bxf8 {[%clk 0:34:07]} Rxf8 {[%clk 0:56:40]} 21. Ng5
{[%clk 0:32:54]} Qe7 {[%clk 0:56:02]} 22. Qh4 {[%clk 0:31:54]} h5
{[%clk 0:52:33]} 23. b4 {[%clk 0:28:21]} Nxb4 {[%clk 0:49:02]} 24. Re3
{[%clk 0:27:46]} Nd5 {[%clk 0:42:08]} 25. Rg3 {[%clk 0:27:45]} Be2
{[%clk 0:38:26]} 26. Re1 {[%clk 0:27:18]} f6 {[%clk 0:36:25]} 27. Nf3
{[%clk 0:24:27]} 1-0

[Event "World Chess Olympiad 2018"]
[Site "Batumi"]
[Date "2018.09.24"]
[Round "1"]
[Board "1"]
[WhiteFideId "3202534"]
[White "Zhao Zong-Yuan"]
[BlackFideId "12100293"]
[Black "Nezad Husein Aziz"]
[Result "1-0"]
[LiveChessVersion "1.4.8"]
[BlackElo "2412"]
[WhiteElo "2523"]

1. e4 {[%clk 1:30:55]} e5 {[%clk 1:30:43]} 2. Nf3 {[%clk 1:31:21]} Nc6
{[%clk 1:31:04]} 3. Bc4 {[%clk 1:31:46]} Bc5 {[%clk 1:30:37]} 4. c3
{[%clk 1:31:55]} Nf6 {[%clk 1:30:59]} 5. d3 {[%clk 1:32:22]} a6 {[%clk 1:30:23]}
6. O-O {[%clk 1:31:21]} Ba7 {[%clk 1:30:18]} 7. Bb3 {[%clk 1:29:17]} d6
{[%clk 1:29:18]} 8. Re1 {[%clk 1:27:06]} h6 {[%clk 1:20:55]} 9. Nbd2
{[%clk 1:23:31]} O-O {[%clk 1:20:59]} 10. Nf1 {[%clk 1:22:59]} Be6
{[%clk 1:19:32]} 11. Bxe6 {[%clk 1:12:00]} fxe6 {[%clk 1:19:46]} 12. Ng3
{[%clk 1:12:27]} Qe8 {[%clk 1:08:16]} 13. d4 {[%clk 1:01:04]} exd4
{[%clk 1:05:10]} 14. cxd4 {[%clk 0:59:58]} Qf7 {[%clk 1:02:41]} 15. h3
{[%clk 0:55:15]} Rad8 {[%clk 0:50:24]} 16. Be3 {[%clk 0:54:16]} e5
{[%clk 0:42:57]} 17. d5 {[%clk 0:35:52]} Bxe3 {[%clk 0:42:44]} 18. Rxe3
{[%clk 0:36:19]} Ne7 {[%clk 0:39:56]} 19. Rb3 {[%clk 0:34:04]} c6
{[%clk 0:34:05]} 20. Rxb7 {[%clk 0:32:54]} cxd5 {[%clk 0:34:12]} 21. Nf5
{[%clk 0:33:02]} Rfe8 {[%clk 0:27:32]} 22. Qb3 {[%clk 0:28:15]} Kf8
{[%clk 0:22:03]} 23. Nxe7 {[%clk 0:17:50]} Rxe7 {[%clk 0:22:21]} 24. Rxe7
{[%clk 0:15:06]} Qxe7 {[%clk 0:22:49]} 25. exd5 {[%clk 0:15:18]} Qc7
{[%clk 0:22:35]} 26. Nh4 {[%clk 0:11:32]} Rb8 {[%clk 0:17:09]} 27. Qa3
{[%clk 0:11:48]} Nxd5 {[%clk 0:13:38]} 28. Rd1 {[%clk 0:10:21]} Nb4
{[%clk 0:12:49]} 29. Nf5 {[%clk 0:08:43]} d5 {[%clk 0:06:33]} 30. Rxd5
{[%clk 0:06:03]} Qc1+ {[%clk 0:06:57]} 31. Kh2 {[%clk 0:06:32]} Qf4+
{[%clk 0:07:18]} 32. Ng3 {[%clk 0:06:44]} h5 {[%clk 0:05:49]} 33. Rd3
{[%clk 0:05:01]} Kg8 {[%clk 0:03:19]} 34. Rf3 {[%clk 0:04:56]} Qg5
{[%clk 0:00:38]} 35. Qb3+ {[%clk 0:04:26]} 1-0

[Event "World Chess Olympiad 2018"]
[Site "Batumi"]
[Date "2018.09.24"]
[Round "1"]
[Board "2"]
[WhiteFideId "12100072"]
[White "Al Mutawa Yousuf M M"]
[BlackFideId "3205207"]
[Black "Illingworth Max"]
[Result "0-1"]
[LiveChessVersion "1.4.8"]
[BlackElo "2512"]
[WhiteElo "2140"]

1. e4 {[%clk 1:30:59]} g6 {[%clk 1:30:17]} 2. g3 {[%clk 1:30:04]} Bg7
{[%clk 1:29:51]} 3. Bg2 {[%clk 1:30:27]} c5 {[%clk 1:29:53]} 4. Nc3
{[%clk 1:30:22]} Nc6 {[%clk 1:30:00]} 5. d3 {[%clk 1:30:26]} d6 {[%clk 1:29:48]}
6. Nge2 {[%clk 1:28:18]} e6 {[%clk 1:29:13]} 7. O-O {[%clk 1:26:46]} Nge7
{[%clk 1:28:59]} 8. Be3 {[%clk 1:23:46]} O-O {[%clk 1:26:55]} 9. Qd2
{[%clk 1:20:32]} Nd4 {[%clk 1:22:09]} 10. Nd1 {[%clk 1:16:37]} e5
{[%clk 1:19:50]} 11. c3 {[%clk 1:15:22]} Nxe2+ {[%clk 1:18:14]} 12. Qxe2
{[%clk 1:13:16]} Be6 {[%clk 1:18:01]} 13. Qd2 {[%clk 1:09:28]} b6
{[%clk 1:13:52]} 14. Bh6 {[%clk 1:05:53]} d5 {[%clk 1:10:21]} 15. Bxg7
{[%clk 1:04:59]} Kxg7 {[%clk 1:10:42]} 16. Qe2 {[%clk 1:01:08]} d4
{[%clk 1:06:05]} 17. c4 {[%clk 1:00:51]} f6 {[%clk 1:03:50]} 18. f3
{[%clk 0:59:20]} Qd7 {[%clk 1:01:25]} 19. Nf2 {[%clk 0:56:30]} b5
{[%clk 0:53:00]} 20. b3 {[%clk 0:56:15]} Rfb8 {[%clk 0:51:43]} 21. f4
{[%clk 0:50:34]} a5 {[%clk 0:46:54]} 22. g4 {[%clk 0:44:15]} g5 {[%clk 0:39:25]}
23. f5 {[%clk 0:38:24]} Bf7 {[%clk 0:39:43]} 24. Bf3 {[%clk 0:29:25]} a4
{[%clk 0:39:59]} 25. Qc2 {[%clk 0:24:05]} Nc6 {[%clk 0:39:31]} 26. Kg2
{[%clk 0:20:54]} Ra5 {[%clk 0:39:16]} 27. h4 {[%clk 0:19:18]} h6 {[%clk 0:39:04]}
28. hxg5 {[%clk 0:19:29]} hxg5 {[%clk 0:38:05]} 29. Kg3 {[%clk 0:19:29]} Qa7
{[%clk 0:38:21]} 30. Rab1 {[%clk 0:19:18]} axb3 {[%clk 0:37:24]} 31. axb3
{[%clk 0:19:30]} Ra2 {[%clk 0:37:48]} 32. Qc1 {[%clk 0:16:44]} Nb4
{[%clk 0:37:40]} 33. Rb2 {[%clk 0:10:45]} Rxb2 {[%clk 0:33:41]} 34. Qxb2
{[%clk 0:11:07]} Nxd3 {[%clk 0:32:54]} 35. Nxd3 {[%clk 0:11:05]} bxc4
{[%clk 0:33:18]} 36. Qh2 {[%clk 0:10:54]} Rh8 {[%clk 0:33:07]} 37. Qd2
{[%clk 0:09:39]} cxd3 {[%clk 0:33:19]} 38. Qxd3 {[%clk 0:09:54]} Qa2
{[%clk 0:33:36]} 39. Rf2 {[%clk 0:07:34]} Qxb3 {[%clk 0:33:50]} 40. Qa6
{[%clk 0:37:44]} Qe3 {[%clk 1:03:53]} 0-1

[Event "World Chess Olympiad 2018"]
[Site "Batumi"]
[Date "2018.09.24"]
[Round "1"]
[Board "3"]
[WhiteFideId "4300033"]
[White "Cheng Bobby"]
[BlackFideId "12101001"]
[Black "Salih Al Hor"]
[Result "1-0"]
[LiveChessVersion "1.4.8"]
[BlackElo "1847"]
[WhiteElo "2507"]

1. b3 {[%clk 1:30:42]} Nf6 {[%clk 1:25:45]} 2. Bb2 {[%clk 1:29:52]} g6
{[%clk 1:25:46]} 3. Nf3 {[%clk 1:30:03]} Bg7 {[%clk 1:24:52]} 4. g3
{[%clk 1:30:29]} O-O {[%clk 1:18:29]} 5. Bg2 {[%clk 1:30:53]} d5 {[%clk 1:05:49]}
6. c4 {[%clk 1:21:02]} c6 {[%clk 1:00:00]} 7. O-O {[%clk 1:21:23]} Qb6
{[%clk 0:58:54]} 8. Qc2 {[%clk 1:17:45]} a5 {[%clk 0:47:39]} 9. d3
{[%clk 1:04:13]} Re8 {[%clk 0:41:22]} 10. Nbd2 {[%clk 0:59:50]} Nbd7
{[%clk 0:38:27]} 11. Ne5 {[%clk 0:47:31]} Nxe5 {[%clk 0:36:38]} 12. Bxe5
{[%clk 0:47:57]} Bg4 {[%clk 0:29:31]} 13. Rfe1 {[%clk 0:35:26]} d4
{[%clk 0:27:40]} 14. h3 {[%clk 0:32:32]} Be6 {[%clk 0:26:07]} 15. c5
{[%clk 0:31:33]} Qd8 {[%clk 0:26:00]} 16. Qb2 {[%clk 0:29:32]} Qd7
{[%clk 0:22:50]} 17. Qxd4 {[%clk 0:23:29]} Bxh3 {[%clk 0:22:23]} 18. Qxd7
{[%clk 0:23:54]} Nxd7 {[%clk 0:21:00]} 19. Bxh3 {[%clk 0:20:36]} Nxe5
{[%clk 0:17:36]} 20. Rab1 {[%clk 0:19:10]} Red8 {[%clk 0:17:16]} 21. Rec1
{[%clk 0:19:19]} Nd7 {[%clk 0:16:13]} 22. e3 {[%clk 0:17:16]} Nf6
{[%clk 0:15:30]} 23. Bf1 {[%clk 0:14:31]} Nd5 {[%clk 0:14:10]} 24. a3
{[%clk 0:15:00]} Nc3 {[%clk 0:12:08]} 25. Ra1 {[%clk 0:15:29]} a4
{[%clk 0:07:47]} 26. b4 {[%clk 0:12:21]} Nb5 {[%clk 0:07:49]} 27. Ra2
{[%clk 0:12:11]} Nc3 {[%clk 0:07:49]} 28. Rac2 {[%clk 0:11:54]} Nb5
{[%clk 0:08:02]} 29. Nc4 {[%clk 0:12:19]} Rab8 {[%clk 0:06:59]} 30. Kg2
{[%clk 0:11:27]} f5 {[%clk 0:05:30]} 31. d4 {[%clk 0:10:24]} Kf7 {[%clk 0:04:48]}
32. Ra2 {[%clk 0:10:15]} g5 {[%clk 0:05:06]} 33. Nb6 {[%clk 0:09:38]} e5
{[%clk 0:03:59]} 34. d5 {[%clk 0:10:02]} cxd5 {[%clk 0:03:30]} 1-0

[Event "World Chess Olympiad 2018"]
[Site "Batumi"]
[Date "2018.09.24"]
[Round "1"]
[Board "4"]
[WhiteFideId "12100986"]
[White "Ghanem Al Shamari"]
[BlackFideId "3205800"]
[Black "Morris James"]
[Result "0-1"]
[LiveChessVersion "1.4.8"]
[BlackElo "2494"]
[WhiteElo "1840"]

1. d4 {[%clk 1:30:55]} Nf6 {[%clk 1:30:41]} 2. Bf4 {[%clk 1:31:15]} g6
{[%clk 1:31:16]} 3. Nc3 {[%clk 1:32:08]} d5 {[%clk 1:30:46]} 4. Nb5
{[%clk 1:31:45]} Na6 {[%clk 1:31:07]} 5. e3 {[%clk 1:31:25]} Bg7 {[%clk 1:29:33]}
6. h3 {[%clk 1:31:21]} O-O {[%clk 1:28:04]} 7. Nf3 {[%clk 1:31:27]} Ne4
{[%clk 1:15:17]} 8. Be2 {[%clk 1:27:43]} c6 {[%clk 1:13:03]} 9. Nc3
{[%clk 1:25:56]} Qa5 {[%clk 1:10:43]} 10. Kf1 {[%clk 1:17:37]} Nxc3
{[%clk 0:57:23]} 11. Qe1 {[%clk 1:10:17]} Bf5 {[%clk 0:52:56]} 12. bxc3
{[%clk 1:09:38]} Bxc2 {[%clk 0:52:53]} 13. Qd2 {[%clk 1:09:39]} Be4
{[%clk 0:51:52]} 14. Ne5 {[%clk 1:09:01]} f6 {[%clk 0:50:48]} 15. Ng4
{[%clk 1:06:54]} Rae8 {[%clk 0:40:44]} 16. f3 {[%clk 1:06:03]} e5
{[%clk 0:40:20]} 17. Bh6 {[%clk 1:03:22]} Bf5 {[%clk 0:37:45]} 18. h4
{[%clk 0:57:04]} Bxg4 {[%clk 0:34:27]} 19. Bxg7 {[%clk 0:57:13]} Kxg7
{[%clk 0:34:55]} 20. fxg4 {[%clk 0:57:32]} Nc7 {[%clk 0:33:35]} 21. h5
{[%clk 0:57:00]} Ne6 {[%clk 0:32:28]} 22. hxg6 {[%clk 0:55:27]} hxg6
{[%clk 0:32:54]} 23. Rb1 {[%clk 0:53:59]} b5 {[%clk 0:32:32]} 24. Rb4
{[%clk 0:52:20]} Ng5 {[%clk 0:31:22]} 25. Bd3 {[%clk 0:51:32]} Rh8
{[%clk 0:27:32]} 26. Rg1 {[%clk 0:48:46]} Rh2 {[%clk 0:25:49]} 27. Qe1
{[%clk 0:45:50]} Qxa2 {[%clk 0:24:36]} 28. Qg3 {[%clk 0:46:11]} Qd2
{[%clk 0:24:10]} 29. Qxh2 {[%clk 0:44:20]} Qxd3+ {[%clk 0:24:31]} 30. Kf2
{[%clk 0:42:42]} Qd2+ {[%clk 0:24:53]} 31. Kf1 {[%clk 0:42:44]} Qd1+
{[%clk 0:25:15]} 32. Kf2 {[%clk 0:43:05]} Ne4# 0-1

[Event "World Chess Olympiad 2018"]
[Site "Batumi"]
[Date "2018.09.24"]
[Round "1"]
[Board "2"]
[WhiteFideId "13602608"]
[White "Sanikidze Tornike"]
[BlackFideId "12000108"]
[Black "Mannhart Marcel"]
[Result "1/2-1/2"]
[LiveChessVersion "1.4.8"]
[BlackElo "2096"]
[WhiteElo "2497"]

1. d4 {[%clk 1:30:49]} d6 {[%clk 1:30:15]} 2. Nf3 {[%clk 1:31:07]} g6
{[%clk 1:30:26]} 3. c4 {[%clk 1:31:11]} Bg7 {[%clk 1:30:33]} 4. Nc3
{[%clk 1:31:33]} Nf6 {[%clk 1:30:33]} 5. e4 {[%clk 1:31:52]} O-O {[%clk 1:30:33]}
6. Be2 {[%clk 1:32:16]} Nbd7 {[%clk 1:22:53]} 7. O-O {[%clk 1:30:53]} c6
{[%clk 1:20:43]} 8. Re1 {[%clk 1:30:54]} Qc7 {[%clk 1:20:34]} 9. Bf1
{[%clk 1:30:34]} e5 {[%clk 1:19:08]} 10. d5 {[%clk 1:27:25]} c5 {[%clk 1:15:53]}
11. g3 {[%clk 1:24:37]} Ne8 {[%clk 1:10:03]} 12. Bh3 {[%clk 1:15:24]} Nb6
{[%clk 1:04:36]} 13. Bf1 {[%clk 1:10:23]} Qd8 {[%clk 1:01:55]} 14. a3
{[%clk 1:08:03]} Bg4 {[%clk 0:54:12]} 15. h3 {[%clk 1:07:14]} Bxf3
{[%clk 0:53:34]} 16. Qxf3 {[%clk 1:07:36]} f5 {[%clk 0:53:53]} 17. b4
{[%clk 1:05:46]} Rc8 {[%clk 0:49:43]} 18. Qd1 {[%clk 0:59:40]} f4
{[%clk 0:44:20]} 19. Qb3 {[%clk 0:53:20]} Nd7 {[%clk 0:43:34]} 20. Ra2
{[%clk 0:51:26]} Bh6 {[%clk 0:36:48]} 21. Rd1 {[%clk 0:46:39]} Rf7
{[%clk 0:35:00]} 22. Na4 {[%clk 0:45:46]} b6 {[%clk 0:34:35]} 23. Be2
{[%clk 0:44:25]} Nef6 {[%clk 0:29:21]} 24. Nc3 {[%clk 0:44:29]} g5
{[%clk 0:28:26]} 25. Rf1 {[%clk 0:33:45]} Nf8 {[%clk 0:26:32]} 26. Qd1
{[%clk 0:33:36]} Qd7 {[%clk 0:26:21]} 27. Kg2 {[%clk 0:33:12]} Rg7
{[%clk 0:25:20]} 28. b5 {[%clk 0:29:54]} Ng6 {[%clk 0:21:59]} 29. Rh1
{[%clk 0:28:35]} Rf8 {[%clk 0:20:52]} 30. Bg4 {[%clk 0:28:16]} Qd8
{[%clk 0:16:34]} 31. a4 {[%clk 0:28:06]} Kh8 {[%clk 0:16:18]} 32. a5
{[%clk 0:27:37]} Rb7 {[%clk 0:16:11]} 33. Bf5 {[%clk 0:23:19]} Ne7
{[%clk 0:15:41]} 34. Be6 {[%clk 0:23:25]} Ng6 {[%clk 0:16:02]} 35. Bd2
{[%clk 0:20:42]} Qc7 {[%clk 0:13:38]} 36. Qa1 {[%clk 0:20:05]} Qg7
{[%clk 0:12:20]} 37. Qd1 {[%clk 0:12:13]} Rfb8 {[%clk 0:12:08]} 38. Qf3
{[%clk 0:11:52]} Rf8 {[%clk 0:12:10]} 39. Bf5 {[%clk 0:10:41]} Ne7
{[%clk 0:12:03]} 40. axb6 {[%clk 0:38:50]} axb6 {[%clk 0:41:38]} 41. g4
{[%clk 0:34:21]} Ng6 {[%clk 0:37:13]} 42. Qd3 {[%clk 0:32:07]} Nh4+
{[%clk 0:37:04]} 43. Kh2 {[%clk 0:32:36]} Ra7 {[%clk 0:33:46]} 44. Ra6
{[%clk 0:32:05]} Qb7 {[%clk 0:32:59]} 45. Rha1 {[%clk 0:29:42]} Rfa8
{[%clk 0:32:59]} 46. Rxa7 1/2-1/2

[Event "World Chess Olympiad 2018"]
[Site "Batumi"]
[Date "2018.09.24"]
[Round "1"]
[Board "3"]
[WhiteFideId "12000078"]
[White "Guller Andras"]
[BlackFideId "13604597"]
[Black "Beradze Irakli"]
[Result "0-1"]
[LiveChessVersion "1.4.8"]
[BlackElo "2495"]
[WhiteElo "2012"]

1. e4 {[%clk 1:27:40]} e5 {[%clk 1:30:44]} 2. Nf3 {[%clk 1:27:45]} Nc6
{[%clk 1:31:06]} 3. Bc4 {[%clk 1:27:53]} Nf6 {[%clk 1:31:28]} 4. d3
{[%clk 1:27:40]} Be7 {[%clk 1:31:02]} 5. O-O {[%clk 1:26:52]} d6 {[%clk 1:31:14]}
6. c3 {[%clk 1:26:44]} O-O {[%clk 1:31:35]} 7. Bb3 {[%clk 1:25:53]} Na5
{[%clk 1:29:38]} 8. Bc2 {[%clk 1:24:50]} c5 {[%clk 1:30:01]} 9. Nbd2
{[%clk 1:21:53]} Re8 {[%clk 1:28:11]} 10. Re1 {[%clk 1:19:56]} h6
{[%clk 1:19:30]} 11. Nf1 {[%clk 1:18:56]} Nc6 {[%clk 1:14:05]} 12. Ng3
{[%clk 1:13:56]} Be6 {[%clk 1:08:03]} 13. h3 {[%clk 1:05:50]} Bf8
{[%clk 0:59:13]} 14. d4 {[%clk 1:03:54]} cxd4 {[%clk 0:52:45]} 15. cxd4
{[%clk 1:04:07]} exd4 {[%clk 0:51:52]} 16. Nxd4 {[%clk 1:04:22]} Nxd4
{[%clk 0:50:36]} 17. Qxd4 {[%clk 1:04:42]} Rc8 {[%clk 0:50:58]} 18. Ba4
{[%clk 0:58:42]} b5 {[%clk 0:48:17]} 19. Bb3 {[%clk 0:56:50]} d5 {[%clk 0:41:43]}
20. e5 {[%clk 0:49:39]} Nd7 {[%clk 0:41:52]} 21. Be3 {[%clk 0:40:44]} Bc5
{[%clk 0:36:07]} 22. Qd2 {[%clk 0:39:56]} d4 {[%clk 0:35:01]} 23. Bxd4
{[%clk 0:32:52]} Nxe5 {[%clk 0:31:02]} 24. Rxe5 {[%clk 0:31:00]} Qxd4
{[%clk 0:31:08]} 25. Qxd4 {[%clk 0:30:06]} Bxd4 {[%clk 0:31:31]} 26. Rxb5
{[%clk 0:30:26]} Bxb3 {[%clk 0:30:40]} 27. Rxb3 {[%clk 0:30:37]} Rc2
{[%clk 0:31:05]} 28. Rf1 {[%clk 0:29:58]} g6 {[%clk 0:28:46]} 29. a4
{[%clk 0:25:40]} Bxb2 {[%clk 0:24:39]} 30. Rd1 {[%clk 0:25:18]} Bc3
{[%clk 0:21:20]} 31. Rb7 {[%clk 0:20:57]} Ba5 {[%clk 0:20:33]} 32. Rxa7
{[%clk 0:14:11]} Bb6 {[%clk 0:20:20]} 33. Rb7 {[%clk 0:14:14]} Bxf2+
{[%clk 0:18:38]} 34. Kh2 {[%clk 0:14:36]} h5 {[%clk 0:10:16]} 35. Rdd7
{[%clk 0:07:49]} h4 {[%clk 0:08:53]} 36. Nf1 {[%clk 0:06:48]} Re1
{[%clk 0:08:31]} 37. Rxf7 {[%clk 0:02:56]} Rxf1 {[%clk 0:08:48]} 0-1